Moj sjajni brat Robinzon

Bibliographic Details
Main Author: Blažková, Jaroslava, 1933-2017 (Author)
Format: Book
Language:Undetermined
PhysicalDescription:180 s.
Published: Zagreb Mladost 1970

MARC

LEADER 00000nam a2200000 a 4500
001 vtls001414101
003 SK-MaSNL
005 20260302035132.0
008 240314s1970 xx 0 und
035 |a SNK000368826 
040 |a SNK  |b slo  |c SNK  |e AACR2 
100 1 |a Blažková, Jaroslava,  |d 1933-2017  |4 aut  |9 94254 
245 1 0 |a Moj sjajni brat Robinzon 
260 |a Zagreb  |b Mladost  |c 1970 
300 |a 180 s. 
958 |a OND 
999 |c 1069404  |d 1071334 
952 |t P60, <05>, [BOOK], {605}  |a SNK  |b SNK  |y PREZ  |7 0  |p 17A0301278  |o snkSD 37829 D1  |0 0  |1 0  |4 0  |d 2001-05-30  |l 0  |r 2005-01-02 00:00:00  |w 2026-02-24 
952 |a SNK  |b SNK  |y PREZ  |7 0  |p 17A0895522  |o snkSD 37829   |0 0  |1 0  |4 0  |d 2013-08-13  |l 0  |r 2026-02-24 15:50:27  |w 2026-02-24